[Event "BI-2011-P-00004"]
[Site "LSS email"]
[Date "2011.04.17"]
[Round "?"]
[White "Avdeev, Sergey"]
[Black "Cijs, Peter JG"]
[Result "1-0"]
[WhiteElo "2032"]
[BlackElo "2073"]
[PlyCount "87"]
[EventDate "2011.04.20"]
[EventType "tourn (corr)"]
[EventRounds "10"]
[EventCountry "GER"]
[SourceTitle "Telechess CBM 151"]
[Source "ChessBase"]
[SourceDate "2012.11.13"]
[SourceVersion "1"]
[SourceVersionDate "2012.11.13"]
[SourceQuality "1"]

1. e4 c5 2. Nf3 e6 3. d4 cxd4 4. Nxd4 Nc6 5. Nc3 Qc7 6. Be2 a6 7. 0-0 Nf6 8. Be3 d6 9. f4 Be7 10. Qe1 Nxd4 11. Bxd4 0-0 12. Qg3 b5 13. a3 Bb7 14. Kh1 g6 15. f5 e5 16. Be3 Nxe4 17. Nxe4 Bxe4 18. f6 Bd8 19. Qh4 Qxc2 20. Rf2 d5 21. Bd1 Qd3 22. Qh6 Bxf6 23. Rxf6 Rac8 24. Kg1 a5 25. h4 Rc4 26. h5 Rfc8 27. Bf2 Re8 28. Bf3 Re6 29. Bxe4 Qxe4 30. Bc5 Rxc5 31. hxg6 Qxg6 32. Rxg6+ Rxg6 33. Qd2 d4 34. b4 axb4 35. axb4 Rc3 36. Qe2 Re3 37. Qxb5 Kg7 38. Qd5 Re2 39. b5 d3 40. b6 d2 41. Rf1 Re1 42. Qxf7+ Kh6 43. Qf8+ Kh5 44. Qf3+ 1-0

[Event "BI-2011-P-00004"]
[Site "LSS email"]
[Date "2011.04.17"]
[Round "?"]
[White "Bogomolov, Alexander"]
[Black "Avdeev, Sergey"]
[Result "1/2-1/2"]
[WhiteElo "1493"]
[BlackElo "2032"]
[PlyCount "69"]
[EventDate "2011.04.20"]
[EventType "tourn (corr)"]
[EventRounds "10"]
[EventCountry "GER"]
[SourceTitle "Telechess CBM 151"]
[Source "ChessBase"]
[SourceDate "2012.11.13"]
[SourceVersion "1"]
[SourceVersionDate "2012.11.13"]
[SourceQuality "1"]

1. e4 c5 2. Nf3 Nc6 3. d4 cxd4 4. Nxd4 e5 5. Nb5 d6 6. N1c3 Nf6 7. Bg5 a6 8. Na3 b5 9. Bxf6 gxf6 10. Nd5 f5 11. c3 Bg7 12. Bd3 Ne7 13. Nxe7 Qxe7 14. 0-0 0-0 15. Nc2 f4 16. Nb4 Qg5 17. f3 Bd7 18. Nd5 Rab8 19. Qb3 Qd8 20. Qa3 Bc8 21. Rac1 Bb7 22. Kh1 Bxd5 23. exd5 a5 24. b4 Ra8 25. Qb3 Qb6 26. a3 Rfc8 27. c4 axb4 28. axb4 bxc4 29. Rxc4 Bf6 30. Bxh7+ Kg7 31. Rxc8 Rxc8 32. Bf5 Rb8 33. Rb1 Bd8 34. Be4 Qf2 35. Qa4 1/2-1/2

[Event "LSS WC-2010-F-00009"]
[Site "LSS email"]
[Date "2010.11.17"]
[Round "?"]
[White "Abbey, William"]
[Black "Avdeev, Sergey"]
[Result "1/2-1/2"]
[WhiteElo "1987"]
[BlackElo "2034"]
[PlyCount "95"]
[EventDate "2010.11.23"]
[EventType "tourn (corr)"]
[EventRounds "10"]
[EventCountry "GER"]
[SourceTitle "Telechess CBM 157"]
[Source "ChessBase"]
[SourceDate "2013.11.12"]
[SourceVersion "1"]
[SourceVersionDate "2013.11.12"]
[SourceQuality "1"]

1. d4 d5 2. Nf3 Nf6 3. Bf4 c5 4. e3 Nc6 5. h3 Ne4 6. c3 Qb6 7. Qb3 c4 8. Qxb6 axb6 9. Nfd2 Nxd2 10. Nxd2 b5 11. Be2 f6 12. Bg3 e5 13. 0-0 exd4 14. exd4 Be6 15. Rfe1 Kd7 16. Bf3 Bd6 17. a3 Rhe8 18. Kh2 Re7 19. Rac1 Rae8 20. Re2 Bf7 21. Rxe7+ Bxe7 22. Bg4+ Kd8 23. Kg1 h5 24. Bd1 Kd7 25. Bc2 Bf8 26. Nf1 g6 27. Bf4 Nd8 28. Bd2 Ne6 29. Re1 Bd6 30. g3 Kc6 31. Kg2 Bc7 32. h4 Ba5 33. Bd1 Kd6 34. Re2 Bb6 35. Ne3 Ba5 36. Nc2 Ng7 37. Bf4+ Kd7 38. Ne3 Kc6 39. Bh6 Ne6 40. Nc2 Kd7 41. Re1 Bc7 42. Bd2 Bd6 43. Nb4 Nc7 44. Rxe8 Kxe8 45. Bf3 Be6 46. Kf1 Bxb4 47. axb4 Bh3+ 48. Ke1 1/2-1/2

[Event "LSS WC-2010-F-00009"]
[Site "LSS email"]
[Date "2010.11.17"]
[Round "?"]
[White "Aberbach Peltzman, Angel Sergio"]
[Black "Avdeev, Sergey"]
[Result "0-1"]
[WhiteElo "1907"]
[BlackElo "2034"]
[PlyCount "90"]
[EventDate "2010.11.23"]
[EventType "tourn (corr)"]
[EventRounds "10"]
[EventCountry "GER"]
[SourceTitle "Telechess CBM 157"]
[Source "ChessBase"]
[SourceDate "2013.11.12"]
[SourceVersion "1"]
[SourceVersionDate "2013.11.12"]
[SourceQuality "1"]

1. e4 c5 2. Nf3 Nc6 3. Bb5 e6 4. 0-0 Nge7 5. c3 a6 6. Ba4 b5 7. Bc2 Bb7 8. Qe2 d5 9. e5 d4 10. Be4 Nd5 11. d3 dxc3 12. Nxc3 Nxc3 13. bxc3 Be7 14. a4 0-0 15. Rb1 b4 16. d4 a5 17. Rd1 cxd4 18. cxd4 Qc7 19. Qc2 Rfc8 20. Bxh7+ Kh8 21. Be4 Nxe5 22. Qxc7 Nxf3+ 23. Bxf3 Rxc7 24. Bxb7 Rxb7 25. Be3 Rd7 26. Kf1 g5 27. Ke2 Kg7 28. h3 f5 29. f3 Rad8 30. Rbc1 Kf7 31. Bf2 Bf6 32. Rc5 Rd5 33. Rd2 R8d7 34. Kd1 Bd8 35. Rc4 Bb6 36. Kc2 f4 37. Rd1 R7d6 38. Rd2 e5 39. Rd1 Ke6 40. Rh1 Bxd4 41. Bxd4 Rxd4 42. Rxd4 Rc6+ 43. Kd2 exd4 44. h4 gxh4 45. Rxh4 b3 0-1

[Event "LSS WC-2010-F-00009"]
[Site "LSS email"]
[Date "2010.11.17"]
[Round "?"]
[White "Avdeev, Sergey"]
[Black "Korchut, Adam"]
[Result "1-0"]
[WhiteElo "2034"]
[BlackElo "1836"]
[PlyCount "103"]
[EventDate "2010.11.23"]
[EventType "tourn (corr)"]
[EventRounds "10"]
[EventCountry "GER"]
[SourceTitle "Telechess CBM 157"]
[Source "ChessBase"]
[SourceDate "2013.11.12"]
[SourceVersion "1"]
[SourceVersionDate "2013.11.12"]
[SourceQuality "1"]

1. e4 e5 2. Nf3 Nc6 3. Bc4 Nf6 4. d3 Bc5 5. c3 a6 6. 0-0 d6 7. Bb3 Ba7 8. Nbd2 0-0 9. h3 h6 10. Re1 Re8 11. Nc4 Be6 12. a4 a5 13. Be3 Bxe3 14. Nxe3 d5 15. exd5 Nxd5 16. Nxd5 Bxd5 17. d4 e4 18. Nd2 f5 19. f3 e3 20. f4 Kh7 21. Bxd5 Qxd5 22. Nf1 Qe4 23. Rxe3 Qxf4 24. Qd3 g6 25. Rae1 Rxe3 26. Rxe3 Qd6 27. Qb5 Kg7 28. d5 Ne5 29. Qxb7 Rd8 30. Qa7 Re8 31. Nd2 Qxd5 32. Qd4 c6 33. Nc4 Qxc4 34. Qxc4 Nxc4 35. Rxe8 Nxb2 36. Rc8 Nxa4 37. Rxc6 Nb2 38. Kf2 a4 39. Ke3 Nd1+ 40. Ke2 Nb2 41. Rb6 Nc4 42. Rb4 Ne5 43. Rxa4 Kf7 44. Ke3 Ke6 45. Kd4 Nc6+ 46. Kc5 Ne7 47. c4 f4 48. Ra6+ Ke5 49. Kb5 h5 50. c5 g5 51. Rh6 h4 52. c6 1-0

[Event "LSS WC-2010-F-00009"]
[Site "LSS email"]
[Date "2010.11.17"]
[Round "?"]
[White "Avdeev, Sergey"]
[Black "Wisham, Clyde"]
[Result "1/2-1/2"]
[WhiteElo "2034"]
[BlackElo "1844"]
[PlyCount "62"]
[EventDate "2010.11.23"]
[EventType "tourn (corr)"]
[EventRounds "10"]
[EventCountry "GER"]
[SourceTitle "Telechess CBM 157"]
[Source "ChessBase"]
[SourceDate "2013.11.12"]
[SourceVersion "1"]
[SourceVersionDate "2013.11.12"]
[SourceQuality "1"]

1. e4 e6 2. d4 d5 3. Nc3 Nf6 4. Bg5 Bb4 5. e5 h6 6. Bd2 Bxc3 7. bxc3 Ne4 8. Qg4 Kf8 9. Bd3 Nxd2 10. Kxd2 c5 11. h4 Qa5 12. dxc5 Nd7 13. Qb4 Qxc5 14. Nf3 g6 15. Qf4 Qxf2+ 16. Kc1 Ke8 17. Rf1 Qc5 18. Nd4 Rf8 19. Nb5 Kd8 20. Qxh6 Qe7 21. Qg7 f6 22. exf6 Nxf6 23. Qxe7+ Kxe7 24. Bxg6 Bd7 25. Rb1 b6 26. h5 Bxb5 27. Rxb5 Rac8 28. Kb2 Nd7 29. Rxf8 Rxf8 30. c4 dxc4 31. Kc3 Rf4 1/2-1/2

[Event "LSS RB-2010-0-00088"]
[Site "LSS email"]
[Date "2010.06.15"]
[Round "?"]
[White "Avdeev, Sergey"]
[Black "Van Bommel, Ton"]
[Result "1/2-1/2"]
[WhiteElo "1871"]
[BlackElo "1834"]
[PlyCount "69"]
[EventDate "2010.04.27"]
[EventType "tourn (corr)"]
[EventRounds "6"]
[EventCountry "GER"]
[SourceTitle "Telechess CBM 141"]
[Source "ChessBase"]
[SourceDate "2011.03.17"]
[SourceVersion "1"]
[SourceVersionDate "2011.03.17"]
[SourceQuality "1"]

1. e4 e5 2. Nf3 Nc6 3. Bc4 Nf6 4. d3 Bc5 5. c3 0-0 6. 0-0 d6 7. Bb3 h6 8. Nbd2 Re8 9. Re1 a5 10. h3 b5 11. a4 b4 12. Nc4 bxc3 13. bxc3 Be6 14. Rb1 Rb8 15. Be3 Bxc4 16. Bxc4 Bxe3 17. Rxe3 Ne7 18. d4 Rxb1 19. Qxb1 Ng6 20. Bb5 Rf8 21. Qb3 c5 22. g3 Qc7 23. d5 Rb8 24. Kg2 h5 25. Re1 h4 26. Nd2 Qe7 27. Qd1 Qa7 28. Nc4 Qc7 29. Qd3 Nh5 30. Qc2 Qd8 31. Qd2 Nf6 32. Qe2 Qc7 33. Rb1 Rb7 34. Qd3 Rb8 35. Qf3 1/2-1/2

[Event "LSS RB-2010-0-00088"]
[Site "LSS email"]
[Date "2010.06.15"]
[Round "?"]
[White "Cardoso Garcia, Sergio"]
[Black "Avdeev, Sergey"]
[Result "1/2-1/2"]
[WhiteElo "1944"]
[BlackElo "1873"]
[PlyCount "94"]
[EventDate "2010.04.27"]
[EventType "tourn (corr)"]
[EventRounds "6"]
[EventCountry "GER"]
[SourceTitle "Telechess CBM 141"]
[Source "ChessBase"]
[SourceDate "2011.03.17"]
[SourceVersion "1"]
[SourceVersionDate "2011.03.17"]
[SourceQuality "1"]

1. c4 e5 2. Nf3 e4 3. Nd4 Nc6 4. Nxc6 dxc6 5. Nc3 Nf6 6. d4 exd3 7. exd3 Bc5 8. Be2 0-0 9. Bf4 Re8 10. 0-0 Bf5 11. Qd2 Qd7 12. Rad1 Rad8 13. h3 Re6 14. Na4 Bd4 15. Rfe1 b5 16. Nc3 b4 17. Na4 c5 18. b3 Rde8 19. Bf1 R6e7 20. Qc1 h6 21. Rxe7 Qxe7 22. Rd2 Bd7 23. Re2 Qd8 24. Qe1 g5 25. Be3 Bxa4 26. bxa4 Bxe3 27. Rxe3 a5 28. g3 Kg7 29. h4 g4 30. Rxe8 Qxe8 31. Qd1 Qe6 32. Qa1 Kg6 33. Qd1 Nd7 34. d4 cxd4 35. Qxd4 Ne5 36. Be2 Qf5 37. Kg2 f6 38. Qd5 Kg7 39. Qb7 Qd7 40. h5 f5 41. Kg1 Qxa4 42. Qd5 Qe8 43. Qxa5 Qe7 44. Kf1 Kf6 45. c5 Qf7 46. Kg1 c6 47. Qd8+ Qe7 1/2-1/2

[Event "LSS RC-2009-0-00036"]
[Site "LSS email"]
[Date "2010.02.07"]
[Round "?"]
[White "Langer, Raimund"]
[Black "Avdeev, Sergey"]
[Result "1/2-1/2"]
[WhiteElo "1799"]
[BlackElo "1687"]
[PlyCount "44"]
[EventDate "2009.11.21"]
[EventType "tourn (corr)"]
[EventRounds "6"]
[EventCountry "GER"]
[SourceTitle "Corr 2013"]
[Source "ChessBase"]
[SourceDate "2012.11.12"]
[SourceVersion "1"]
[SourceVersionDate "2012.11.12"]
[SourceQuality "1"]

1. e4 c5 2. Nf3 d6 3. d4 cxd4 4. Nxd4 Nf6 5. Nc3 a6 6. Bg5 e6 7. f4 Qb6 8. Qd2 Qxb2 9. Rb1 Qa3 10. f5 e5 11. Bxf6 gxf6 12. Nd5 exd4 13. Nc7+ Kd8 14. Nxa8 Qxa2 15. Rb3 Nd7 16. Nb6 Qa1+ 17. Kf2 Nc5 18. Bd3 Qxh1 19. Qa5 Nxb3 20. cxb3 Qc1 21. Nd5+ Ke8 22. Nxf6+ Ke7 1/2-1/2

[Event "LSS OP-2009-0-01019"]
[Site "LSS email"]
[Date "2009.12.18"]
[Round "?"]
[White "Krivoshey, Dmitrij"]
[Black "Avdeev, Sergey"]
[Result "0-1"]
[WhiteElo "799"]
[BlackElo "1645"]
[PlyCount "39"]
[EventDate "2009.12.05"]
[EventType "tourn (corr)"]
[EventRounds "4"]
[EventCountry "GER"]
[SourceTitle "Corr 2013"]
[Source "ChessBase"]
[SourceDate "2012.11.12"]
[SourceVersion "1"]
[SourceVersionDate "2012.11.12"]
[SourceQuality "1"]

1. e4 c5 2. c3 Nf6 3. e5 Nd5 4. d4 cxd4 5. cxd4 d6 6. Bg5 dxe5 7. Bb5+ Nc6 8. Nf3 Qa5+ 9. Nc3 Nxc3 10. bxc3 Qxb5 11. Qc1 exd4 12. Nxd4 Nxd4 13. cxd4 e5 14. Qe3 f6 15. Bh4 Bb4+ 16. Kd1 Bg4+ 17. f3 Rd8 18. a3 Rxd4+ 19. Kc2 Bf5+ 20. Kb2 0-1

[Event "LSS ZI-2009-0-00596"]
[Site "LSS email"]
[Date "2009.12.09"]
[Round "?"]
[White "Billion, Paul"]
[Black "Avdeev, Sergey"]
[Result "0-1"]
[WhiteElo "1664"]
[BlackElo "586"]
[PlyCount "34"]
[EventDate "2009.12.05"]
[EventType "match (corr)"]
[EventRounds "2"]
[EventCountry "GER"]
[SourceTitle "Telechess CBM 137"]
[Source "ChessBase"]
[SourceDate "2010.07.15"]
[SourceVersion "1"]
[SourceVersionDate "2010.07.15"]
[SourceQuality "1"]

1. d4 d5 2. Nf3 Nf6 3. c4 c6 4. Nc3 e6 5. Bg5 h6 6. Bh4 dxc4 7. a4 Bb4 8. Qc2 Nbd7 9. e3 b5 10. axb5 cxb5 11. Be2 0-0 12. 0-0 Qb6 13. Bg3 Bb7 14. Nd2 a5 15. b3 cxb3 16. Qxb3 Qc6 17. Rac1 Qxg2# 0-1

[Event "LSS ZI-2009-0-00595"]
[Site "LSS email"]
[Date "2009.12.09"]
[Round "?"]
[White "Windheim, Charles"]
[Black "Avdeev, Sergey"]
[Result "1/2-1/2"]
[WhiteElo "1768"]
[BlackElo "1790"]
[PlyCount "84"]
[EventDate "2009.12.04"]
[EventType "match (corr)"]
[EventRounds "2"]
[EventCountry "GER"]
[SourceTitle "Corr 2013"]
[Source "ChessBase"]
[SourceDate "2012.11.12"]
[SourceVersion "1"]
[SourceVersionDate "2012.11.12"]
[SourceQuality "1"]

1. e4 c5 2. Nc3 d6 3. f4 g6 4. Nf3 Nc6 5. d4 cxd4 6. Nxd4 Bg7 7. Be3 Nf6 8. Be2 0-0 9. 0-0 Bd7 10. Qd2 Rc8 11. Rad1 a6 12. h3 b5 13. a3 Qc7 14. Nb3 Qb8 15. Bf3 b4 16. axb4 Nxb4 17. Rc1 Be6 18. Na5 Qc7 19. Ra1 Rb8 20. g4 Nd7 21. Ra3 Nb6 22. Nd5 Bxd5 23. exd5 Bxb2 24. Rb3 Nxc2 25. Bf2 Nd4 26. Qxb2 Nxb3 27. Qxb3 Nxd5 28. Qxd5 Rb5 29. Qd4 Rxa5 30. f5 Ra3 31. Bg2 Qc3 32. Qxc3 Rxc3 33. Ra1 gxf5 34. gxf5 Rb8 35. Rxa6 Rc1+ 36. Kh2 Rc2 37. Bd4 f6 38. Ra3 Rb5 39. Rf3 Kf8 40. h4 Rb4 41. Rd3 Rcc4 42. Bf2 Rf4 1/2-1/2

[Event "LSS ZI-2009-0-00591"]
[Site "LSS email"]
[Date "2009.12.05"]
[Round "?"]
[White "Avdeev, Sergey"]
[Black "Van Esbroeck, Jeff"]
[Result "1-0"]
[WhiteElo "1794"]
[BlackElo "1615"]
[PlyCount "97"]
[EventDate "2009.12.02"]
[EventType "match (corr)"]
[EventRounds "2"]
[EventCountry "GER"]
[SourceTitle "Corr 2013"]
[Source "ChessBase"]
[SourceDate "2012.11.12"]
[SourceVersion "1"]
[SourceVersionDate "2012.11.12"]
[SourceQuality "1"]

1. e4 e5 2. Nf3 Nc6 3. Bb5 Bc5 4. c3 Nf6 5. 0-0 0-0 6. d4 Bb6 7. Bg5 h6 8. Bh4 exd4 9. Qc1 d6 10. Bxc6 bxc6 11. cxd4 g5 12. Nxg5 hxg5 13. Qxg5+ Kh7 14. Rd1 Qe8 15. Qxf6 Qxe4 16. Nc3 Qg6 17. Qf4 Qg4 18. Qxg4 Bxg4 19. f3 Bd7 20. Rac1 Kg6 21. Ne2 Rh8 22. Bf2 Rab8 23. Nf4+ Kf5 24. Nd3 Kg6 25. h4 Kg7 26. g4 Ba5 27. Kg2 Rhe8 28. Be1 Bb6 29. Bc3 f6 30. Re1 a5 31. Nf4 Kf8 32. g5 Rxe1 33. Rxe1 Re8 34. Rxe8+ Bxe8 35. g6 Kg7 36. h5 d5 37. Ne6+ Kh6 38. f4 f5 39. Ng5 Ba7 40. Kf3 a4 41. Kg3 Kg7 42. Kh4 Bb6 43. Ne6+ Kf6 44. Nf8 Kg7 45. Bb4 Kg8 46. Ne6 a3 47. b3 Bf7 48. gxf7+ Kxf7 49. Nd8+ 1-0

[Event "ZI-2009-0-00591"]
[Site "LSS email"]
[Date "2009.12.05"]
[Round "?"]
[White "Van Esbroeck, Jeff"]
[Black "Avdeev, Sergey"]
[Result "0-1"]
[WhiteElo "1607"]
[BlackElo "1827"]
[PlyCount "116"]
[EventDate "2009.12.02"]
[EventType "match (corr)"]
[EventRounds "2"]
[EventCountry "GER"]
[SourceTitle "Telechess CBM 141"]
[Source "ChessBase"]
[SourceDate "2011.03.17"]
[SourceVersion "1"]
[SourceVersionDate "2011.03.17"]
[SourceQuality "1"]

1. e4 c5 2. Nf3 d6 3. Nc3 Nf6 4. d4 cxd4 5. Nxd4 a6 6. Be3 e6 7. Bc4 b5 8. Bb3 Be7 9. 0-0 0-0 10. f3 Bd7 11. Qd2 Nc6 12. a4 b4 13. Na2 a5 14. Nc1 Nxd4 15. Bxd4 Bc6 16. Nd3 Nd7 17. Rfd1 Rc8 18. Qf2 Re8 19. Qg3 Bf6 20. Bxf6 Nxf6 21. Rac1 d5 22. e5 Nd7 23. Qf2 Bb7 24. Qa7 Qb6+ 25. Qxb6 Nxb6 26. Kf2 Ba6 27. Rd2 Re7 28. Re1 Rec7 29. g4 Nc4 30. Rde2 g5 31. Kg3 d4 32. Nf2 Nxb2 33. Rd2 Bb7 34. Rxd4 Rxc2 35. Bxc2 Rxc2 36. Rd7 Bc6 37. Ra7 Nxa4 38. Rxa5 b3 39. Ra6 b2 40. Nd3 Bb5 41. Nxb2 Nxb2 42. Ra2 Bc4 43. Ra8+ Kg7 44. Rc8 Nd3 45. Re4 Nf4 46. Rxf4 gxf4+ 47. Kxf4 Bb3 48. Rxc2 Bxc2 49. Ke3 f5 50. exf6+ Kxf6 51. h4 Ke5 52. f4+ Kf6 53. Ke2 h5 54. gxh5 Kg7 55. Kd2 Bb1 56. Ke2 Kh6 57. Ke3 Kxh5 58. Ke2 Kxh4 0-1

[Event "LSS ZI-2009-0-00576"]
[Site "LSS email"]
[Date "2009.11.22"]
[Round "?"]
[White "Avdeev, Sergey"]
[Black "Traczewski, Wojciech"]
[Result "1-0"]
[WhiteElo "1736"]
[BlackElo "1560"]
[PlyCount "67"]
[EventDate "2009.11.18"]
[EventType "match (corr)"]
[EventRounds "2"]
[EventCountry "GER"]
[SourceTitle "Corr 2013"]
[Source "ChessBase"]
[SourceDate "2012.11.12"]
[SourceVersion "1"]
[SourceVersionDate "2012.11.12"]
[SourceQuality "1"]

1. e4 e5 2. Nf3 Nc6 3. Bb5 a6 4. Ba4 Nf6 5. 0-0 Be7 6. Re1 b5 7. Bb3 0-0 8. c3 d5 9. exd5 Nxd5 10. Nxe5 Nxe5 11. Rxe5 c6 12. d4 Bd6 13. Re1 Qh4 14. g3 Qh3 15. Be3 Bg4 16. Qd3 Rae8 17. Nd2 Qh5 18. a4 Re6 19. axb5 axb5 20. Nf1 Bf5 21. Qd2 Bh3 22. Bd1 Qg6 23. Bf3 Qf5 24. Qd1 Rfe8 25. Bg2 Bxg2 26. Kxg2 Nxe3+ 27. Rxe3 Rxe3 28. Nxe3 Qe4+ 29. Qf3 Qxf3+ 30. Kxf3 g6 31. Ra6 Rc8 32. d5 Kf8 33. Rxc6 Rd8 34. Rb6 1-0

[Event "LSS OP-2009-0-00997"]
[Site "LSS email"]
[Date "2009.11.17"]
[Round "?"]
[White "De Jong, Bert"]
[Black "Avdeev, Sergey"]
[Result "0-1"]
[WhiteElo "1890"]
[BlackElo "1600"]
[PlyCount "64"]
[EventDate "2009.11.13"]
[EventType "tourn (corr)"]
[EventRounds "4"]
[EventCountry "GER"]
[SourceTitle "Telechess CBM 137"]
[Source "ChessBase"]
[SourceDate "2010.07.15"]
[SourceVersion "1"]
[SourceVersionDate "2010.07.15"]
[SourceQuality "1"]

1. d4 d5 2. c4 c6 3. Nf3 Nf6 4. Nc3 e6 5. Bg5 h6 6. Bh4 dxc4 7. e4 g5 8. Bg3 b5 9. Be2 Bb7 10. h4 g4 11. Ne5 Nbd7 12. Nxd7 Qxd7 13. Be5 Qe7 14. 0-0 Rg8 15. b3 b4 16. Na4 c3 17. Nc5 Nd7 18. Nxd7 Qxd7 19. a3 a5 20. axb4 axb4 21. Rxa8+ Bxa8 22. Bxg4 Bd6 23. Qf3 Bxe5 24. dxe5 Qe7 25. Ra1 Bb7 26. Bh5 Kd7 27. Qe3 Kc7 28. g3 Rd8 29. Qxh6 Qc5 30. Qf6 c2 31. Rc1 Rd3 32. Be2 Rd2 0-1

[Event "LSS SE-2009-0-00031"]
[Site "LSS email"]
[Date "2009.10.19"]
[Round "?"]
[White "Szabo, Attila"]
[Black "Avdeev, Sergey"]
[Result "0-1"]
[WhiteElo "1101"]
[BlackElo "1907"]
[PlyCount "20"]
[EventDate "2009.07.29"]
[EventType "tourn (corr)"]
[EventRounds "6"]
[EventCountry "GER"]
[SourceTitle "Corr 2013"]
[Source "ChessBase"]
[SourceDate "2012.11.12"]
[SourceVersion "1"]
[SourceVersionDate "2012.11.12"]
[SourceQuality "1"]
[WhiteTeam "US of America"]
[BlackTeam "US of America"]
[WhiteTeamCountry "USA"]
[BlackTeamCountry "USA"]

1. f4 d5 2. b3 Nc6 3. Nf3 Bg4 4. Bb2 Bxf3 5. exf3 e6 6. Bb5 Nge7 7. Qe2 a6 8. Bxc6+ Nxc6 9. f5 Bc5 10. fxe6 0-0 0-1

[Event "LSS SE-2009-0-00030"]
[Site "LSS email"]
[Date "2009.10.03"]
[Round "?"]
[White "Clark, Mark J"]
[Black "Avdeev, Sergey"]
[Result "0-1"]
[WhiteElo "1285"]
[BlackElo "1603"]
[PlyCount "40"]
[EventDate "2009.07.18"]
[EventType "tourn (corr)"]
[EventRounds "6"]
[EventCountry "GER"]
[SourceTitle "Telechess CBM 137"]
[Source "ChessBase"]
[SourceDate "2010.07.15"]
[SourceVersion "1"]
[SourceVersionDate "2010.07.15"]
[SourceQuality "1"]

1. c4 e6 2. Nf3 Nf6 3. g3 d5 4. Bg2 Be7 5. 0-0 0-0 6. b3 c5 7. Bb2 Nc6 8. d3 d4 9. Nbd2 e5 10. a3 h6 11. Ne1 Qc7 12. Nc2 Be6 13. f4 exf4 14. Rxf4 Rad8 15. Ne4 Nxe4 16. Bxe4 Bd6 17. Rf2 f5 18. Bg2 f4 19. gxf4 Rxf4 20. Bf3 Rh4 0-1